[Event "4NCL 3 South pool C"]
[Site "Reading, ENG"]
[Date "2017.05.01"]
[Round "11.44"]
[White "Freeman, Richard C P"]
[Black "Ellemann, Stefan"]
[Result "1/2-1/2"]
[WhiteElo "2004"]
[BlackElo "2012"]
[PlyCount "44"]
[EventDate "2017.05.01"]
[WhiteTeam "MK Phoenix 1"]
[BlackTeam "Shropshire 1"]

1. d4 f5 2. Bf4 Nf6 3. e3 d6 4. Nf3 g6 5. h3 Bg7 6. c3 e6 7. Nbd2 O-O 8. Qc2
Nc6 9. Be2 Qe8 10. O-O-O e5 11. dxe5 dxe5 12. Bh2 Kh8 13. Rdg1 Nd5 14. g4 f4
15. e4 Nde7 16. g5 a6 17. h4 b5 18. Rg2 Bh3 19. Rgg1 Be6 20. Rg2 Bh3 21. Rgg1
Be6 22. Rg2 Bh3 1/2-1/2

[Event "4NCL 3 South pool C"]
[Site "Reading, ENG"]
[Date "2017.05.01"]
[Round "11.45"]
[White "Paul, Nathanael"]
[Black "Elwin, Adrian G"]
[Result "0-1"]
[WhiteElo "2012"]
[BlackElo "2004"]
[PlyCount "140"]
[EventDate "2017.05.01"]
[WhiteTeam "Shropshire 1"]
[BlackTeam "MK Phoenix 1"]

1. e4 c6 2. d4 d5 3. exd5 cxd5 4. c4 Nf6 5. Nc3 Nc6 6. Bg5 e6 7. Nf3 dxc4 8.
Bxc4 Be7 9. O-O O-O 10. Re1 a6 11. a3 b5 12. Ba2 Bb7 13. d5 Nxd5 14. Ne4 Nf6
15. Bxf6 Bxf6 16. Nxf6+ Qxf6 17. Qd7 Qe7 18. Qxe7 Nxe7 19. Ng5 Bd5 20. Bxd5
Nxd5 21. Ne4 Rfc8 22. Rac1 g6 23. Kf1 h6 24. g3 Nb6 25. Nd6 Rd8 26. Rc6 Nd5 27.
Nb7 Rdb8 28. Nc5 Rb6 29. Rxb6 Nxb6 30. b3 a5 31. a4 Rc8 32. Nb7 bxa4 33. bxa4
Nxa4 34. Nxa5 Rc5 35. Nb3 Rc3 36. Nd4 Rd3 37. Ne2 Nb6 38. Rc1 Nd5 39. Rc2 Rd4
40. Kg2 Kg7 41. Rb2 g5 42. h3 Kg6 43. Ra2 h5 44. Rc2 f5 45. Nc3 Nxc3 46. Rxc3
h4 47. gxh4 gxh4 48. Rc5 Kg5 49. Rc6 e5 50. Rc8 Rd6 51. Rc3 e4 52. Rc8 Rg6 53.
Rc7 Kf4+ 54. Kf1 Ra6 55. Rc3 Ra5 56. Kg2 Kg5 57. Rc8 Ra2 58. Re8 Kf4 59. Re7
Re2 60. Kf1 Kf3 61. Rf7 Rxf2+ 62. Kg1 Rg2+ 63. Kh1 Rg5 64. Kh2 f4 65. Ra7 e3
66. Ra3 Kf2 67. Ra1 e2 68. Rg1 Rg3 69. Rf1+ exf1=N+ 70. Kh1 Rxh3# 0-1

[Event "4NCL 3 South pool C"]
[Site "Reading, ENG"]
[Date "2017.05.01"]
[Round "11.46"]
[White "Brown, Alan M"]
[Black "Jamieson, Ian"]
[Result "0-1"]
[WhiteElo "1970"]
[BlackElo "1967"]
[PlyCount "114"]
[EventDate "2017.05.01"]
[WhiteTeam "MK Phoenix 1"]
[BlackTeam "Shropshire 1"]

1. d4 e6 2. c4 b6 3. Nc3 Bb7 4. e4 Bb4 5. Qc2 Qh4 6. Bd3 f5 7. g3 Qh5 8. f3 Nh6
9. Be3 Nc6 10. O-O-O O-O-O 11. Qg2 Bxc3 12. bxc3 fxe4 13. Bxe4 Nf5 14. Bd2 Nd6
15. Bd3 Qa5 16. Kb2 Qa4 17. Qe2 Ba6 18. Nh3 Bxc4 19. Bxc4 Nxc4+ 20. Ka1 h6 21.
Nf2 N6a5 22. Rb1 Qc6 23. Nd3 Rde8 24. Nb4 Qb7 25. Rhf1 g5 26. Bc1 d5 27. f4
gxf4 28. Bxf4 Nc6 29. Nd3 Qa8 30. Rbe1 a5 31. Qg4 Nd8 32. Ne5 Nxe5 33. Rxe5 Qc6
34. Bd2 Rhf8 35. Rf3 Qa4 36. Re1 Qc2 37. Bxh6 Rxf3 38. Qxf3 Qxh2 39. Bg5 Qh3
40. Kb2 Qh7 41. Rf1 Qg6 42. Bh4 Rg8 43. Qe2 Kb7 44. Rf4 Re8 45. Rf6 Qg8 46. Qf3
Nc6 47. Rf7 a4 48. Kc1 Na5 49. Qf4 Rc8 50. g4 Nc4 51. g5 Qg6 52. Qf3 Rh8 53.
Rf6 Qe8 54. Bg3 Qb5 55. Qe2 Rh1+ 56. Be1 e5 57. Rf2 exd4 0-1

[Event "4NCL 3 South pool C"]
[Site "Reading, ENG"]
[Date "2017.03.19"]
[Round "8.11"]
[White "Summerscale, Aaron P"]
[Black "Rutter, Nick J"]
[Result "1/2-1/2"]
[WhiteElo "2402"]
[BlackElo "2140"]
[PlyCount "70"]
[EventDate "2017.03.19"]
[WhiteTeam "Wood Green MM 1"]
[BlackTeam "Shropshire 1"]

1. d4 d5 2. Bf4 e6 3. e3 Nf6 4. Nd2 Nbd7 5. Ngf3 c5 6. c3 Be7 7. Ne5 Nxe5 8.
Bxe5 O-O 9. Bd3 c4 10. Bc2 Nd7 11. Bg3 f5 12. O-O Nf6 13. f3 Bd6 14. Bxd6 Qxd6
15. e4 Qb6 16. Rb1 Qc7 17. e5 Nh5 18. f4 g6 19. Qe1 Qe7 20. Bd1 Ng7 21. Bf3 b5
22. Qe3 Bd7 23. b3 Rab8 24. b4 a5 25. a3 axb4 26. axb4 Ra8 27. Ra1 Bc6 28. Rfb1
Qb7 29. Qe1 Rxa1 30. Rxa1 Ra8 31. Qc1 Ra6 32. Ra3 Qa7 33. Nb1 Rxa3 34. Qxa3
Qxa3 35. Nxa3 Kf7 1/2-1/2

[Event "4NCL 3 South pool C"]
[Site "Reading, ENG"]
[Date "2017.03.19"]
[Round "8.12"]
[White "Hurney, Kevin"]
[Black "Cooper, Lawrence H"]
[Result "1/2-1/2"]
[WhiteElo "2095"]
[BlackElo "2349"]
[PlyCount "82"]
[EventDate "2017.03.19"]
[WhiteTeam "Shropshire 1"]
[BlackTeam "Wood Green MM 1"]

1. e4 e5 2. Nf3 Nc6 3. Bb5 a6 4. Ba4 Nf6 5. O-O Be7 6. Qe2 b5 7. Bb3 O-O 8. c3
d6 9. h3 Na5 10. Bc2 c5 11. d4 Qc7 12. d5 Ne8 13. Nbd2 g6 14. a4 Rb8 15. axb5
axb5 16. Nb3 Nxb3 17. Bxb3 Bf6 18. Nh2 Bg7 19. f4 exf4 20. Bxf4 c4 21. Bd1 Nf6
22. Bg5 Nd7 23. Ng4 f6 24. Be3 Nc5 25. Bd4 Bxg4 26. Qxg4 Rbe8 27. Bc2 Rf7 28.
Rf4 Ref8 29. Kh2 Re8 30. Raf1 Nd7 31. R4f2 Ne5 32. Qf4 Rff8 33. Ra1 Ra8 34.
Rff1 Qe7 35. Qe3 Rfe8 36. Rfe1 Qb7 37. Qg1 Bh6 38. Qf1 Bg7 39. Rxa8 Rxa8 40.
Ra1 Ra6 41. Ra3 Rxa3 1/2-1/2

[Event "4NCL 3 South pool C"]
[Site "Reading, ENG"]
[Date "2017.03.19"]
[Round "8.13"]
[White "Meszaros, Gyula"]
[Black "Bryant, Richard B E"]
[Result "1-0"]
[WhiteElo "2276"]
[BlackElo "2072"]
[PlyCount "95"]
[EventDate "2017.03.19"]
[WhiteTeam "Wood Green MM 1"]
[BlackTeam "Shropshire 1"]

1. Nf3 d5 2. g3 g6 3. Bg2 Bg7 4. d4 Nf6 5. c4 c6 6. O-O Nbd7 7. cxd5 cxd5 8.
Nc3 O-O 9. Bf4 Nb6 10. b3 Bf5 11. Rc1 a6 12. Ne5 Rc8 13. f3 Nfd7 14. g4 Be6 15.
e3 f6 16. Nd3 Bf7 17. Bg3 Re8 18. f4 e6 19. Kh1 Bf8 20. Rc2 Be7 21. f5 exf5 22.
gxf5 g5 23. Bf3 Bf8 24. Re1 Nb8 25. h4 h6 26. Bh5 Qd7 27. Bxf7+ Qxf7 28. Bxb8
Rxb8 29. Qf3 Rbc8 30. Ree2 Bd6 31. a4 Rxc3 32. Rxc3 Re4 33. hxg5 hxg5 34. Rg2
Rh4+ 35. Kg1 Qh7 36. Nf2 Qe7 37. Ng4 Bb4 38. Rc1 Bd2 39. Rc2 Bb4 40. Rce2 Kg7
41. Rh2 Bd6 42. Rxh4 gxh4 43. e4 Qc7 44. e5 fxe5 45. dxe5 Qc1+ 46. Kg2 Bc5 47.
f6+ Kf8 48. e6 1-0

[Event "4NCL 3 South pool C"]
[Site "Reading, ENG"]
[Date "2017.03.19"]
[Round "8.14"]
[White "Whyte, Brian G"]
[Black "Sygnowski, Tomasz"]
[Result "0-1"]
[WhiteElo "2065"]
[BlackElo "2119"]
[PlyCount "46"]
[EventDate "2017.03.19"]
[WhiteTeam "Shropshire 1"]
[BlackTeam "Wood Green MM 1"]

1. e4 e6 2. d4 d5 3. Nc3 Nf6 4. Bg5 Bb4 5. e5 h6 6. Bd2 Bxc3 7. bxc3 Ne4 8. Qg4
Nxd2 9. Kxd2 O-O 10. h4 f5 11. Qg6 c5 12. Nf3 Nc6 13. Bd3 Ne7 14. Qg3 Bd7 15.
Qh3 Qa5 16. g4 cxd4 17. Rag1 Qxc3+ 18. Ke2 a6 19. g5 Ng6 20. Qg3 h5 21. Nd2 Bb5
22. f4 Qxc2 23. Bxb5 axb5 0-1

[Event "4NCL 3 South pool C"]
[Site "Reading, ENG"]
[Date "2017.03.19"]
[Round "8.15"]
[White "Manelidou, Maria"]
[Black "Paul, Nathanael"]
[Result "1-0"]
[WhiteElo "2106"]
[BlackElo "2012"]
[PlyCount "67"]
[EventDate "2017.03.19"]
[WhiteTeam "Wood Green MM 1"]
[BlackTeam "Shropshire 1"]

1. e4 c6 2. d4 d5 3. Nd2 dxe4 4. Nxe4 Bf5 5. Ng3 Bg6 6. h4 h6 7. Nf3 Nd7 8. h5
Bh7 9. Bd3 Bxd3 10. Qxd3 Ngf6 11. Bf4 e6 12. O-O-O Be7 13. Kb1 Qa5 14. Ne4 Nxe4
15. Qxe4 Nf6 16. Qe5 Qxe5 17. Nxe5 O-O 18. g4 Ne4 19. Rde1 f5 20. Ng6 Rfe8 21.
gxf5 Nxf2 22. Rhf1 Ng4 23. fxe6 Rad8 24. c3 Rd5 25. Rg1 Nf6 26. Bxh6 Rxh5 27.
Bxg7 Kxg7 28. Nxe7+ Kh7 29. Ng6 Rf5 30. e7 Nd7 31. Re4 Rh5 32. Rf4 Kh6 33. Nf8
Rxe7 34. Rf6+ 1-0

[Event "4NCL 3 South pool C"]
[Site "Reading, ENG"]
[Date "2017.03.19"]
[Round "8.16"]
[White "Bennion, David"]
[Black "Serbanescu, Diana-Maria"]
[Result "0-1"]
[WhiteElo "1997"]
[BlackElo "1982"]
[PlyCount "84"]
[EventDate "2017.03.19"]
[WhiteTeam "Shropshire 1"]
[BlackTeam "Wood Green MM 1"]

1. e4 d6 2. d4 Nf6 3. Nc3 e5 4. dxe5 dxe5 5. Qxd8+ Kxd8 6. Bg5 Be6 7. f4 exf4
8. e5 h6 9. O-O-O+ Kc8 10. Bxf6 gxf6 11. exf6 Bc5 12. Nf3 Nd7 13. Ne4 Be3+ 14.
Kb1 Re8 15. Bd3 a6 16. Rhe1 Rg8 17. g3 Bg4 18. Rf1 Bh3 19. Bc4 Re8 20. Rxd7
Bxd7 21. Nc3 Be6 22. Nd5 Bc5 23. Nh4 c6 24. Ne7+ Bxe7 25. Bxe6+ fxe6 26. fxe7
Rxe7 27. Rxf4 Kc7 28. b4 a5 29. Re4 Ree8 30. Ng6 axb4 31. Rxb4 Ra5 32. Rh4 h5
33. a4 Kd6 34. Rd4+ Rd5 35. Rb4 b5 36. Nf4 Rf5 37. axb5 e5 38. Nd3 e4 39. Nf4
Kc5 40. c3 Rxf4 41. gxf4 e3 42. Kc2 e2 0-1

[Event "4NCL 3 South pool C"]
[Site "Reading, ENG"]
[Date "2017.03.19"]
[Round "8.24"]
[White "Mossong, Hubert"]
[Black "McDougall, William M"]
[Result "0-1"]
[WhiteElo "2132"]
[BlackElo "2023"]
[PlyCount "126"]
[EventDate "2017.03.19"]
[WhiteTeam "Leeds University Old Boys"]
[BlackTeam "Wessex"]

1. e4 c5 2. Nc3 Nc6 3. Bb5 Nd4 4. Nge2 g6 5. Nxd4 cxd4 6. Ne2 Bg7 7. c3 a6 8.
Bd3 dxc3 9. dxc3 d6 10. Be3 Nf6 11. f3 Qc7 12. Qb3 Be6 13. Qb6 Qxb6 14. Bxb6
Nd7 15. Bd4 Ne5 16. Bc2 O-O 17. Nf4 Bd7 18. Nd5 e6 19. Nb6 Rad8 20. O-O-O Bb5
21. Be3 Nc4 22. Nxc4 Bxc4 23. a4 e5 24. Rd2 d5 25. exd5 Rxd5 26. Rhd1 Rxd2 27.
Rxd2 b5 28. Rd6 bxa4 29. Bxa4 Rc8 30. Rc6 Rxc6 31. Bxc6 f5 32. Kc2 Kf7 33. b3
Bf1 34. Bd5+ Ke7 35. Bc5+ Kd7 36. g3 e4 37. f4 h6 38. b4 Bb5 39. h4 Bf6 40. Be3
Ke7 41. c4 Ba4+ 42. Kd2 Bb3 43. Bc5+ Kd8 44. Bf7 g5 45. h5 gxf4 46. gxf4 Kd7
47. Bd5 Bg7 48. Ke3 Bb2 49. Kd2 Bg7 50. Be3 Bf6 51. Bf7 Ke7 52. Bg8 Bb2 53.
Bc5+ Kf6 54. Bf8 Ba3 55. Kc3 Bd1 56. c5 e3 57. Bxh6 e2 58. Bg5+ Kg7 59. Bh4
Kxg8 60. c6 Ba4 61. c7 Bd7 62. Be1 Kh7 63. Kd3 Bc1 0-1

[Event "4NCL 3 South pool C"]
[Site "Reading, ENG"]
[Date "2017.03.19"]
[Round "8.25"]
[White "De Coverly, Roger D"]
[Black "Birkin, Mark H"]
[Result "1-0"]
[WhiteElo "1979"]
[BlackElo "2065"]
[PlyCount "123"]
[EventDate "2017.03.19"]
[WhiteTeam "Wessex"]
[BlackTeam "Leeds University Old Boys"]

1. e4 e6 2. d4 d5 3. Nd2 Nf6 4. e5 Nfd7 5. Ngf3 c5 6. c3 Nc6 7. Bd3 Qb6 8. O-O
cxd4 9. cxd4 g6 10. Nb3 Bg7 11. h4 h6 12. Be3 a5 13. a4 Nb4 14. Bb5 O-O 15. Qd2
Kh7 16. Rfc1 Nb8 17. Nc5 Qd8 18. g3 N8c6 19. Nh2 Ne7 20. Nd3 Nbc6 21. Ng4 h5
22. Nh2 Bd7 23. Nf4 Nf5 24. Nf3 Nxe3 25. Ng5+ Kg8 26. Qxe3 Bh6 27. Nfh3 f6 28.
exf6 Qxf6 29. Rd1 Rad8 30. Ra3 Rfe8 31. Bxc6 Bxc6 32. Qe1 e5 33. Rf3 Qe7 34.
Nf7 Bg7 35. Nxd8 Qxd8 36. Re3 exd4 37. Rxe8+ Bxe8 38. Ng5 Qd7 39. b3 b6 40.
Qe6+ Qxe6 41. Nxe6 Bf6 42. Nxd4 Bf7 43. Kf1 Kf8 44. Ke2 Ke7 45. Kd3 Kd7 46. f4
Kd6 47. Rc1 Kd7 48. Nb5 Bd8 49. Nd4 Bf6 50. Nf3 d4 51. Nxd4 Bxd4 52. Kxd4 Bxb3
53. Rb1 Bxa4 54. Rxb6 Bc2 55. Kc3 Be4 56. Ra6 Ke7 57. Rxa5 Kf6 58. Kd4 Bb7 59.
Rb5 Bg2 60. Ke3 Bh1 61. Rg5 Bc6 62. f5 1-0

[Event "4NCL 3 South pool C"]
[Site "Reading, ENG"]
[Date "2017.03.19"]
[Round "8.26"]
[White "Clark, William G Bill"]
[Black "Adaway, William"]
[Result "1/2-1/2"]
[WhiteElo "1839"]
[BlackElo "1909"]
[PlyCount "38"]
[EventDate "2017.03.19"]
[WhiteTeam "Leeds University Old Boys"]
[BlackTeam "Wessex"]

1. e4 d5 2. exd5 Qxd5 3. Nc3 Qd6 4. Bc4 Nf6 5. d3 a6 6. a4 Bg4 7. Nge2 e5 8. f3
Be6 9. Bxe6 Qxe6 10. Be3 Nbd7 11. O-O Bd6 12. Qe1 O-O 13. Qh4 Be7 14. Qf2 Nd5
15. Nxd5 Qxd5 16. Nc3 Qc6 17. Kh1 Nc5 18. Rfe1 Ne6 19. Rac1 Bc5 1/2-1/2

[Event "4NCL 3 South pool C"]
[Site "Reading, ENG"]
[Date "2017.03.19"]
[Round "8.31"]
[White "Swanson, Stephen"]
[Black "Gallagher, Daniel GH"]
[Result "1/2-1/2"]
[WhiteElo "2185"]
[BlackElo "2230"]
[PlyCount "41"]
[EventDate "2017.03.19"]
[WhiteTeam "Poisoned Pawns 1"]
[BlackTeam "Anglian Avengers 2"]

1. e4 c5 2. Nf3 d6 3. d4 cxd4 4. Qxd4 Nc6 5. Bb5 Bd7 6. Bxc6 Bxc6 7. Nc3 Nf6 8.
Bg5 e6 9. Qd3 Be7 10. Nd4 Qa5 11. Bd2 Qc7 12. O-O-O O-O 13. f4 Rfc8 14. Nxc6
Qxc6 15. Rhe1 Bf8 16. Kb1 Rab8 17. Nb5 Qa6 18. Bc3 Ne8 19. Bd4 b6 20. f5 Nc7
21. Nxc7 1/2-1/2

[Event "4NCL 3 South pool C"]
[Site "Reading, ENG"]
[Date "2017.03.19"]
[Round "8.32"]
[White "Tozer, Philip A A"]
[Black "Harley, Andrew D"]
[Result "1/2-1/2"]
[WhiteElo "2145"]
[BlackElo "2197"]
[PlyCount "56"]
[EventDate "2017.03.19"]
[WhiteTeam "Anglian Avengers 2"]
[BlackTeam "Poisoned Pawns 1"]

1. c4 Nf6 2. g3 c5 3. Bg2 d5 4. cxd5 Nxd5 5. Nc3 Nc7 6. Nf3 Nc6 7. O-O e5 8. a3
Rb8 9. d3 Be7 10. Rb1 f6 11. Be3 Be6 12. Nd2 Qd7 13. Nde4 b6 14. Qa4 b5 15. Qd1
Nd4 16. b4 cxb4 17. axb4 Na6 18. f4 Nf5 19. Bf2 exf4 20. Ra1 fxg3 21. hxg3 Nxb4
22. Rxa7 Qd8 23. Nc5 Qc8 24. N3e4 Nc6 25. Ra6 Nd8 26. Nxe6 Nxe6 27. Rc6 Qd7 28.
e3 Nd8 1/2-1/2

[Event "4NCL 3 South pool C"]
[Site "Reading, ENG"]
[Date "2017.03.19"]
[Round "8.33"]
[White "Clark, Kevin R"]
[Black "Moore, Geoffrey R"]
[Result "1-0"]
[WhiteElo "2170"]
[BlackElo "2140"]
[PlyCount "66"]
[EventDate "2017.03.19"]
[WhiteTeam "Poisoned Pawns 1"]
[BlackTeam "Anglian Avengers 2"]

1. e4 e6 2. d4 d5 3. Nd2 Nf6 4. e5 Nfd7 5. f4 c5 6. c3 Nc6 7. Ngf3 a6 8. Be2 b5
9. O-O Qb6 10. Nb1 Be7 11. Be3 Bb7 12. a3 c4 13. Bf2 Na5 14. Nbd2 f5 15. exf6
gxf6 16. f5 O-O-O 17. Nh4 Rhg8 18. Bg4 exf5 19. Nxf5 Bf8 20. Bg3 Bc6 21. Re1
Kb7 22. Kh1 Ka8 23. Re6 Qb7 24. Qf3 Qc8 25. Re2 Re8 26. Rae1 Rxe2 27. Rxe2 Nb6
28. Nh6 Bxh6 29. Bxc8 Rxc8 30. Qxf6 Bf8 31. Nf3 Na4 32. Ne5 Nb6 33. Nxc6 Nxc6 34. Re8 1-0

[Event "4NCL 3 South pool C"]
[Site "Reading, ENG"]
[Date "2017.03.19"]
[Round "8.34"]
[White "Moore, Graham J"]
[Black "Byway, Paul V"]
[Result "1/2-1/2"]
[WhiteElo "2099"]
[BlackElo "2073"]
[PlyCount "104"]
[EventDate "2017.03.19"]
[WhiteTeam "Anglian Avengers 2"]
[BlackTeam "Poisoned Pawns 1"]

1. e4 c5 2. Nf3 d6 3. d4 cxd4 4. Nxd4 Nf6 5. Nc3 Nc6 6. Be2 e6 7. O-O Be7 8.
Be3 O-O 9. Nb3 e5 10. Bg5 Nxe4 11. Nxe4 Bxg5 12. Qxd6 Qxd6 13. Nxd6 Be7 14.
Nxc8 Raxc8 15. Rfd1 Rfd8 16. c3 b6 17. Bf3 Kf8 18. Kf1 Rc7 19. Ke2 Rxd1 20.
Rxd1 Nd8 21. Bd5 Nb7 22. Bxb7 Rxb7 23. Rd5 f6 24. g3 Kf7 25. f4 Ke6 26. c4 Rc7
27. Kd3 exf4 28. gxf4 g6 29. f5+ gxf5 30. Nd4+ Kf7 31. Nxf5 Bc5 32. a3 Bg1 33.
h3 Bh2 34. b4 Be5 35. a4 Ke6 36. Ne3 Rg7 37. Ng4 Bd6 38. Rb5 Rg5 39. Rxg5 fxg5
40. b5 h5 41. Nf2 Ke5 42. Ne4 Be7 43. a5 bxa5 44. c5 Bxc5 45. Nxc5 g4 46. hxg4
hxg4 47. Kc4 g3 48. Nd3+ Kd6 49. Nf4 a4 50. Kb4 a3 51. Kxa3 Kc5 52. Ka4 a6
1/2-1/2

[Event "4NCL 3 South pool C"]
[Site "Reading, ENG"]
[Date "2017.03.19"]
[Round "8.35"]
[White "Rosen, Daniel B"]
[Black "Peck, Silas"]
[Result "1-0"]
[WhiteElo "2047"]
[BlackElo "2095"]
[PlyCount "79"]
[EventDate "2017.03.19"]
[WhiteTeam "Poisoned Pawns 1"]
[BlackTeam "Anglian Avengers 2"]

1. e4 e5 2. Nf3 Nc6 3. Bb5 a6 4. Ba4 Nf6 5. O-O Be7 6. d3 b5 7. Bb3 d6 8. c3
Bg4 9. Qe2 O-O 10. Re1 Na5 11. Bc2 c5 12. Nbd2 Nc6 13. h3 Bh5 14. Nf1 Qc7 15.
Ng3 Bg6 16. Nh4 d5 17. Nhf5 d4 18. Qf3 Rfd8 19. h4 Bxf5 20. Nxf5 Ne8 21. Bb3
Nd6 22. Nxe7+ Nxe7 23. cxd4 cxd4 24. h5 Rf8 25. Qg3 Ne8 26. Bg5 Kh8 27. Rac1
Qd6 28. f4 f6 29. fxe5 fxe5 30. Qh4 Nf6 31. h6 g6 32. Rc7 Rac8 33. Bxf6+ Rxf6
34. Rd7 Qc6 35. Rxe7 Qd6 36. Rg7 Rcf8 37. Rc1 Qd8 38. Qg3 Rf4 39. Rcc7 Rf1+ 40.
Kh2 1-0

[Event "4NCL 3 South pool C"]
[Site "Reading, ENG"]
[Date "2017.03.19"]
[Round "8.36"]
[White "Myall, Ivan J"]
[Black "Hutchinson, Norman A"]
[Result "1-0"]
[WhiteElo "2057"]
[BlackElo "2062"]
[PlyCount "63"]
[EventDate "2017.03.19"]
[WhiteTeam "Anglian Avengers 2"]
[BlackTeam "Poisoned Pawns 1"]

1. e4 c6 2. d4 d5 3. e5 Bf5 4. h4 h5 5. Bd3 Bxd3 6. Qxd3 e6 7. Bg5 Qb6 8. Nd2
Ne7 9. Ngf3 Nf5 10. O-O Qa6 11. c4 Nd7 12. b3 c5 13. Qc3 cxd4 14. Nxd4 Nxd4 15.
Qxd4 Bc5 16. Qc3 dxc4 17. b4 Be7 18. Nxc4 f6 19. a4 Qc6 20. b5 Qc7 21. exf6
gxf6 22. Bd2 Kf7 23. Rfe1 Rac8 24. Rac1 Nc5 25. Qf3 Kg6 26. Bf4 Qd8 27. Rcd1
Qf8 28. Bd6 Rd8 29. Bxc5 Bxc5 30. Rxd8 Qxd8 31. Rxe6 Rf8 32. Ne5+ 1-0

[Event "4NCL 3 South pool C"]
[Site "Reading, ENG"]
[Date "2017.03.19"]
[Round "8.41"]
[White "Friedgood, David"]
[Black "Moloney, Nicholas R"]
[Result "1/2-1/2"]
[WhiteElo "2218"]
[BlackElo "2191"]
[PlyCount "59"]
[EventDate "2017.03.19"]
[WhiteTeam "MK Phoenix 1"]
[BlackTeam "Fermented Sharks"]

1. Nf3 Nf6 2. c4 e6 3. g3 b6 4. Bg2 Bb7 5. O-O Be7 6. b3 O-O 7. Bb2 c5 8. e3
Qc7 9. Qc2 d6 10. Nc3 Nbd7 11. Rac1 Rac8 12. e4 a6 13. d4 Rfe8 14. d5 exd5 15.
exd5 Bf8 16. Qd2 g6 17. Ng5 Bg7 18. f4 b5 19. Rfe1 b4 20. Nce4 h6 21. Nxf6+
Nxf6 22. Ne4 Nxe4 23. Bxe4 f5 24. Bg2 Bxb2 25. Qxb2 Qg7 26. Qd2 Kf8 27. Re6
Rcd8 28. Rce1 Bc8 29. R6e3 Bd7 30. Kf2 1/2-1/2

[Event "4NCL 3 South pool C"]
[Site "Reading, ENG"]
[Date "2017.03.19"]
[Round "8.42"]
[White "Okhai, Shabir"]
[Black "Reuben, Stewart"]
[Result "1/2-1/2"]
[WhiteElo "2105"]
[BlackElo "2067"]
[PlyCount "207"]
[EventDate "2017.03.19"]
[WhiteTeam "Fermented Sharks"]
[BlackTeam "MK Phoenix 1"]

1. e4 c5 2. Nf3 Nc6 3. Bb5 d6 4. O-O Bd7 5. Re1 g6 6. c3 Bg7 7. a4 Qb6 8. Na3
a6 9. Bf1 Na5 10. Nc4 Nxc4 11. Bxc4 Nf6 12. e5 Ng4 13. Bxf7+ Kxf7 14. e6+ Ke8
15. exd7+ Kxd7 16. a5 Qb5 17. Nd4 cxd4 18. Qxg4+ Qf5 19. Qxf5+ gxf5 20. c4 Rac8
21. d3 e5 22. b3 Rhe8 23. f3 d5 24. Bb2 Bh6 25. Bc1 Bxc1 26. Raxc1 Kd6 27. b4
dxc4 28. dxc4 e4 29. Kf2 Ke5 30. g3 Red8 31. Red1 Rc6 32. Ke2 Rh6 33. Rh1 Rh3
34. Rcd1 e3 35. Kd3 f4 36. Rdg1 Rd7 37. gxf4+ Kxf4 38. Rg8 Rh5 39. Rf8+ Rf5 40.
Re8 Rff7 41. Rf1 Rde7 42. Rd8 Rd7 43. Re8 h5 44. Re4+ Kf5 45. Rg1 Rfe7 46. h4
Rxe4 47. fxe4+ Kf4 48. c5 Re7 49. Rf1+ Kg3 50. Kxd4 e2 51. Re1 Kf2 52. Rh1 e1=Q
53. Rxe1 Kxe1 54. e5 Kf2 55. Kd5 Kg3 56. Kd6 Re8 57. e6 Kxh4 58. Kd7 Rh8 59. e7
Kg5 60. e8=Q Rxe8 61. Kxe8 h4 62. b5 axb5 63. a6 bxa6 64. c6 h3 65. c7 h2 66.
c8=Q h1=Q 67. Qxa6 Qh8+ 68. Kd7 Qd4+ 69. Kc6 b4 70. Qa5+ Kf4 71. Qa4 Qc4+ 72.
Kb6 Ke3 73. Qe8+ Kd2 74. Qa4 Kc3 75. Qa1+ Kd3 76. Qf1+ Kd4 77. Qf6+ Kd3 78.
Qf1+ Kc3 79. Qc1+ Kb3 80. Qb1+ Ka3 81. Qa1+ Qa2 82. Qc1+ Qb2 83. Qc5 Qc3 84.
Qe7 Qd4+ 85. Kb5 Qd5+ 86. Kb6 Kb3 87. Qe1 Qd4+ 88. Kb5 Qc4+ 89. Kb6 Qc3 90.
Qe6+ Kb2 91. Qe2+ Qc2 92. Qe5+ Ka3 93. Qa1+ Qa2 94. Qc1+ Qb2 95. Qc5 Qc3 96.
Qe7 Ka2 97. Qe2+ Kb1 98. Qd1+ Kb2 99. Qe2+ Kc1 100. Qf1+ Kc2 101. Qe2+ Qd2 102.
Qe4+ Kb2 103. Qe5+ Qc3 104. Qe2+ 1/2-1/2

[Event "4NCL 3 South pool C"]
[Site "Reading, ENG"]
[Date "2017.03.19"]
[Round "8.43"]
[White "Fraser-Mitchell, Jeremy N"]
[Black "Agnew, Alan"]
[Result "0-1"]
[WhiteElo "2077"]
[BlackElo "2102"]
[PlyCount "88"]
[EventDate "2017.03.19"]
[WhiteTeam "MK Phoenix 1"]
[BlackTeam "Fermented Sharks"]

1. f4 d5 2. Nf3 Nf6 3. g3 g6 4. Bg2 Bg7 5. O-O O-O 6. d3 c5 7. c3 Nc6 8. Qe1 d4
9. Na3 Nd5 10. Bd2 Rb8 11. Rb1 e5 12. Nxe5 Nxe5 13. fxe5 Bxe5 14. Nc4 Bg7 15.
a4 Be6 16. Na3 Qd7 17. a5 Bh3 18. Bxh3 Qxh3 19. Nc2 Rbe8 20. e4 dxe3 21. Nxe3
Nxe3 22. Bxe3 Bh6 23. Rf3 Re5 24. Qd2 Rfe8 25. Bxh6 Re2 26. Rf2 Rxd2 27. Bxd2
Qd7 28. Bh6 Qh3 29. Bg5 f5 30. d4 cxd4 31. cxd4 Qh5 32. Bf6 Re2 33. Rbf1 Kf7
34. Be5 Ke6 35. Kg2 Kd5 36. h3 Rxf2+ 37. Rxf2 Qd1 38. Bf4 a6 39. Rd2 Qe1 40. h4
h5 41. Bg5 Qa1 42. Bd8 f4 43. Bb6 Qe1 44. Rf2 Qe4+ 0-1

[Event "4NCL 3 South pool C"]
[Site "Reading, ENG"]
[Date "2017.03.19"]
[Round "8.44"]
[White "George, Matthew P"]
[Black "Freeman, Richard C P"]
[Result "1-0"]
[WhiteElo "2031"]
[BlackElo "2020"]
[PlyCount "95"]
[EventDate "2017.03.19"]
[WhiteTeam "Fermented Sharks"]
[BlackTeam "MK Phoenix 1"]

1. d4 g6 2. e4 Bg7 3. Nc3 c5 4. d5 d6 5. Be3 Na6 6. Qd2 Nc7 7. h4 h5 8. Nh3 Bd7
9. a4 b6 10. Be2 a6 11. Ng5 b5 12. a5 b4 13. Nd1 Nf6 14. f3 O-O 15. Rg1 e6 16.
dxe6 Bxe6 17. Nxe6 Nxe6 18. Bc4 Qe7 19. Qe2 d5 20. exd5 Nc7 21. Bg5 Qxe2+ 22.
Kxe2 Nfxd5 23. Kd2 Bd4 24. Re1 Kg7 25. c3 Bf6 26. Bxf6+ Kxf6 27. Nf2 Rfd8 28.
Kc2 Ne6 29. Rad1 Ndc7 30. Ne4+ Kg7 31. Ng5 Rxd1 32. Rxd1 Rd8 33. Nxe6+ Nxe6 34.
Rxd8 Nxd8 35. Bd5 Kf6 36. Kd3 Ke5 37. Bc4 bxc3 38. bxc3 Kf4 39. Bxa6 Kg3 40.
Bb5 Ne6 41. Bc4 Nf4+ 42. Ke4 f5+ 43. Ke5 Nxg2 44. a6 Nxh4 45. Bd5 f4 46. a7 Ng2
47. a8=Q h4 48. Be6 1-0

[Event "4NCL 3 South pool C"]
[Site "Reading, ENG"]
[Date "2017.03.19"]
[Round "8.45"]
[White "Habershon, Paul F"]
[Black "Millward, Kevin P"]
[Result "0-1"]
[WhiteElo "2043"]
[BlackElo "2028"]
[PlyCount "106"]
[EventDate "2017.03.19"]
[WhiteTeam "MK Phoenix 1"]
[BlackTeam "Fermented Sharks"]

1. e4 d6 2. d4 g6 3. c4 Bg7 4. Nc3 e5 5. d5 Ne7 6. Be3 f5 7. f3 Nd7 8. Qd2 h6
9. Nge2 Nf6 10. Nc1 g5 11. Nd3 Ng6 12. O-O-O Bd7 13. c5 Qe7 14. Kb1 O-O 15. Be2
Nf4 16. cxd6 cxd6 17. g3 Nxe2 18. Qxe2 fxe4 19. Nxe4 Nxd5 20. Nxe5 Qxe5 21. Bd4
Qe6 22. Rhe1 Bxd4 23. Rxd4 Rae8 24. Red1 Bc6 25. Qc4 Ne3 26. Qxe6+ Rxe6 27.
R1d3 Nf5 28. Rb4 a5 29. Rb6 Rxe4 30. Rxc6 Re1+ 31. Rc1 Rxc1+ 32. Kxc1 Kg7 33.
Kd2 Ne7 34. Rxd6 Rxf3 35. Rd7 Kf7 36. Ke2 Rf5 37. Rxb7 Re5+ 38. Kd3 Kf6 39.
Rb6+ Re6 40. Rb5 Re5 41. Rb6+ Re6 42. Rb5 Nc6 43. a3 Ne5+ 44. Kc3 Rc6+ 45. Kd4
Nf3+ 46. Ke4 Nxh2 47. Rxa5 Re6+ 48. Kd3 h5 49. b4 Nf1 50. b5 Nxg3 51. Ra6 h4
52. b6 Ne4 53. Ra7 Nf2+ 0-1

[Event "4NCL 3 South pool D"]
[Site "Reading, ENG"]
[Date "2017.05.01"]
[Round "11.51"]
[White "Mihalik, Agoston"]
[Black "Stanisz, Patryk"]
[Result "0-1"]
[WhiteElo "2159"]
[BlackElo "2099"]
[PlyCount "80"]
[EventDate "2017.05.01"]
[WhiteTeam "Brown Jack 1"]
[BlackTeam "Cambridge University 2"]

1. e4 c6 2. d4 d5 3. e5 c5 4. dxc5 Nc6 5. Nf3 Bg4 6. c3 Bxf3 7. Qxf3 Nxe5 8.
Bb5+ Nc6 9. O-O e6 10. c4 Bxc5 11. Rd1 Qf6 12. Qg3 Nge7 13. Nc3 Rd8 14. cxd5
exd5 15. Bxc6+ bxc6 16. Bg5 Bxf2+ 17. Qxf2 Qxg5 18. Re1 Rd7 19. Na4 d4 20. Rad1
Qa5 21. Qc2 O-O 22. Nc5 Rd5 23. Nb3 Qb4 24. Re4 Rfd8 25. Qd2 Qxd2 26. Rxd2 Nf5
27. g4 Nh4 28. Kf2 d3 29. Rc4 Ng6 30. Rxc6 Ne5 31. Rc7 Nxg4+ 32. Kf3 Ne5+ 33.
Ke4 f5+ 34. Kf4 g5+ 35. Ke3 Ng4+ 36. Kf3 Ne5+ 37. Ke3 Re8 38. Kf2 Ng4+ 39. Kf1
Ne3+ 40. Kf2 Ng4+ 0-1